00331nam a2200121Ia 4500008004100000024001500041082001800056100002100074245002300095260002600118600003200144650003300176260210s9999 xx 000 0 und d a98A-067-CS a004.67072 BIN aFarwa Ayub Jafri 0aVirtual University aKarachi:bUITU,c1998 aComputer System Engineering aBachelor of Engineering (BE)